[Event "TIPC 2019 Groupe A"]
[Site ""]
[Date "2019.07.31"]
[Round "6.19"]
[White "Van Droogenbroeck, Marc"]
[Black "Vanden Bussche, Steven"]
[Result "1-0"]
[WhiteElo "2114"]
[BlackElo "2061"]

1. e4 {[%clk 01:30:58]} {[%emt 00:58:07]} c6 {[%clk 01:30:51]} {[%emt
00:00:12]} 2. d4 {[%clk 01:31:16]} {[%emt 00:00:12]} d5 {[%clk 01:31:14]}
{[%emt 00:00:07]} 3. e5 {[%clk 01:30:31]} {[%emt 00:01:15]} Bf5 {[%clk
01:31:37]} {[%emt 00:00:07]} 4. h4 {[%clk 01:29:34]} {[%emt 00:01:27]} h5
{[%clk 01:31:55]} {[%emt 00:00:12]} 5. Bd3 {[%clk 01:29:17]} {[%emt 00:00:47]}
Bxd3 {[%clk 01:31:12]} {[%emt 00:01:13]} 6. Qxd3 {[%clk 01:29:04]} {[%emt
00:00:42]} e6 {[%clk 01:31:35]} {[%emt 00:00:08]} 7. Bg5 {[%clk 01:27:55]}
{[%emt 00:01:39]} Qa5+ {[%clk 01:29:06]} {[%emt 00:02:59]} 8. Nd2 {[%clk
01:24:06]} {[%emt 00:04:19]} Qa6 {[%clk 01:29:29]} {[%emt 00:00:07]} 9. c4
{[%clk 01:21:53]} {[%emt 00:02:43]} Bb4 {[%clk 01:21:09]} {[%emt 00:08:50]} 10.
b3 {[%clk 01:20:10]} {[%emt 00:02:13]} Nd7 {[%clk 01:12:42]} {[%emt 00:13:21]}
11. Ngf3 {[%clk 01:14:29]} {[%emt 00:01:47]} c5 {[%clk 01:09:40]} {[%emt
00:03:32]} 12. O-O {[%clk 01:13:28]} {[%emt 00:01:31]} cxd4 {[%clk 01:06:28]}
{[%emt 00:03:42]} 13. Qxd4 {[%clk 01:12:21]} {[%emt 00:01:37]} f6 {[%clk
00:46:53]} {[%emt 00:20:05]} 14. cxd5 {[%clk 00:46:35]} {[%emt 00:41:46]} Bc5
{[%clk 00:44:59]} 15. Qe4 {[%clk 00:47:00]} exd5 {[%clk 00:37:39]} 16. Qg6+
{[%clk 00:40:20]} {[%emt 00:01:58]} Kf8 {[%clk 00:37:00]} {[%emt 00:01:09]} 17.
Qf5 {[%clk 00:32:59]} {[%emt 00:07:52]} Rd8 {[%clk 00:24:58]} {[%emt 00:12:32]}
18. exf6 {[%clk 00:31:20]} {[%emt 00:02:09]} gxf6 {[%clk 00:22:39]} {[%emt
00:02:49]} 19. Be3 {[%clk 00:20:01]} {[%emt 00:11:48]} Bxe3 {[%clk 00:21:12]}
{[%emt 00:01:58]} 20. fxe3 {[%clk 00:20:29]} {[%emt 00:00:02]} Ne7 {[%clk
00:21:13]} {[%emt 00:00:29]} 21. Qf4 {[%clk 00:20:08]} {[%emt 00:00:51]} Kg7
{[%clk 00:18:33]} {[%emt 00:03:10]} 22. Nd4 {[%clk 00:18:43]} {[%emt 00:01:55]}
Ng6 {[%clk 00:17:29]} {[%emt 00:01:34]} 23. Qf5 {[%clk 00:17:25]} {[%emt
00:01:48]} Rhe8 {[%clk 00:16:42]} {[%emt 00:01:16]} 24. Qxh5 {[%clk 00:16:38]}
{[%emt 00:01:18]} Rh8 {[%clk 00:13:53]} {[%emt 00:03:30]} 25. Qf5 {[%clk
00:14:50]} {[%emt 00:02:07]} Ngf8 {[%clk 00:08:52]} {[%emt 00:05:31]} 26. Qxd5
{[%clk 00:14:14]} {[%emt 00:01:06]} Re8 {[%clk 00:07:50]} {[%emt 00:01:32]} 27.
Rf3 {[%clk 00:11:34]} {[%emt 00:03:10]} Ne5 {[%clk 00:06:53]} {[%emt 00:01:26]}
28. Rg3+ {[%clk 00:11:27]} {[%emt 00:00:38]} Nfg6 {[%clk 00:06:57]} {[%emt
00:00:26]} 29. N2f3 {[%clk 00:10:04]} {[%emt 00:01:52]} Kh7 {[%clk 00:01:48]}
{[%emt 00:05:40]} 30. Nxe5 {[%clk 00:07:47]} {[%emt 00:09:27]} Nxe5 31. Qe4+
{[%clk 00:07:33]} Kh6 {[%clk 00:02:16]} 32. Nf5+ {[%clk 00:07:44]} Kh5 {[%clk
00:01:57]} 33. Ng7+ {[%clk 00:07:47]} Kh6 {[%clk 00:01:26]} {[%emt 00:00:01]}
34. Qf4+ {[%clk 00:07:25]} Kh7 35. Qf5+ {[%clk 00:06:04]} {[%emt 00:00:06]} Kh6
{[%clk 00:02:10]} {[%emt 00:00:04]} 36. Qh5# {[%emt 00:00:21]} 1-0

[Event "Tournoi International du Pays de Charleroi 2019 Groupe A"]
[Site ""]
[Date "2019.08.01"]
[Round "7.17"]
[White "Manafov, Vugar"]
[Black "Philippe, Denis-Emmanuel"]
[Result "1-0"]
[WhiteTitle "FM"]
[WhiteElo "2175"]
[BlackElo "2015"]

1. Nf3 {[%clk 01:25:35]} {[%emt 00:00:03]} d5 {[%clk 01:30:53]} {[%emt
00:00:01]} 2. g3 {[%clk 01:26:01]} c6 {[%clk 01:31:20]} 3. Bg2 {[%clk
01:26:29]} Nf6 {[%clk 01:31:44]} 4. O-O {[%clk 01:26:50]} {[%emt 00:00:01]} Bg4
{[%clk 01:32:03]} {[%emt 00:00:01]} 5. d4 {[%emt 00:00:07]} Nbd7 {[%clk
01:31:19]} {[%emt 00:00:33]} 6. Nbd2 {[%clk 01:27:23]} {[%emt 00:00:06]} e6
{[%clk 01:31:43]} {[%emt 00:00:06]} 7. b3 {[%clk 01:27:46]} {[%emt 00:00:07]}
Be7 {[%clk 01:29:31]} {[%emt 00:02:42]} 8. Bb2 {[%clk 01:28:12]} {[%emt
00:00:05]} O-O {[%clk 01:29:41]} {[%emt 00:00:19]} 9. c4 {[%clk 01:28:36]}
{[%emt 00:00:07]} a5 {[%clk 01:28:43]} {[%emt 00:01:28]} 10. Re1 {[%clk
01:27:44]} {[%emt 00:01:21]} a4 {[%clk 01:21:25]} {[%emt 00:07:48]} 11. h3
{[%clk 01:25:41]} {[%emt 00:02:33]} Bh5 {[%clk 01:18:21]} {[%emt 00:03:34]} 12.
g4 {[%clk 01:24:46]} {[%emt 00:01:25]} Bg6 {[%clk 01:18:42]} {[%emt 00:00:10]}
13. Nh4 {[%clk 01:24:22]} {[%emt 00:00:53]} axb3 {[%clk 01:13:34]} {[%emt
00:05:39]} 14. Nxg6 {[%clk 01:24:07]} {[%emt 00:00:44]} hxg6 {[%clk 01:13:45]}
{[%emt 00:00:20]} 15. axb3 {[%clk 01:23:53]} {[%emt 00:00:44]} Bb4 {[%clk
01:12:42]} {[%emt 00:01:32]} 16. Qc2 {[%clk 01:23:47]} {[%emt 00:00:37]} Ne4
{[%clk 01:08:53]} {[%emt 00:04:19]} 17. Rxa8 {[%clk 01:24:10]} {[%emt
00:00:06]} Qxa8 {[%clk 01:08:55]} {[%emt 00:00:29]} 18. Ra1 {[%clk 01:24:33]}
{[%emt 00:00:07]} Qb8 {[%clk 00:55:13]} {[%emt 00:14:12]} 19. Nxe4 {[%clk
01:24:53]} {[%emt 00:00:10]} dxe4 {[%clk 00:55:37]} {[%emt 00:00:05]} 20. Qxe4
{[%clk 01:23:26]} {[%emt 00:01:56]} Nf6 {[%clk 00:54:05]} {[%emt 00:02:03]} 21.
Qc2 {[%clk 01:23:37]} {[%emt 00:00:18]} Rd8 {[%clk 00:50:14]} {[%emt 00:04:22]}
22. c5 {[%clk 01:23:20]} {[%emt 00:00:47]} b6 {[%clk 00:48:17]} {[%emt
00:02:27]} 23. cxb6 {[%clk 01:23:19]} {[%emt 00:00:31]} Rc8 {[%clk 00:42:02]}
{[%emt 00:28:47]} 24. Qc4 {[%clk 01:22:53]} 1-0

[Event "Tournoi International du Pays de Charleroi 2019 Groupe A"]
[Site ""]
[Date "2019.08.01"]
[Round "7.26"]
[White "Barbier, Wim"]
[Black "Moerman, Thomas"]
[Result "0-1"]
[WhiteElo "2068"]
[BlackElo "1931"]

1. Nf3 {[%clk 01:30:59]} {[%emt 00:56:24]} Nf6 {[%clk 01:30:53]} {[%emt
00:00:07]} 2. c4 {[%clk 01:31:14]} {[%emt 00:00:15]} c5 {[%clk 01:31:12]}
{[%emt 00:00:11]} 3. g3 {[%clk 01:31:32]} {[%emt 00:00:12]} d5 {[%clk
01:30:48]} {[%emt 00:06:06]} 4. cxd5 {[%clk 01:31:28]} Nxd5 {[%clk 01:31:12]} 5.
Bg2 {[%clk 01:31:42]} Nc6 {[%clk 01:31:25]} 6. O-O {[%clk 01:31:39]} e5 {[%clk
01:31:41]} 7. Nc3 {[%clk 01:29:22]} {[%emt 00:00:11]} Be6 {[%clk 01:31:29]}
{[%emt 00:00:05]} 8. d3 {[%clk 01:27:03]} {[%emt 00:02:49]} Be7 {[%clk
01:31:22]} {[%emt 00:00:36]} 9. Nxd5 {[%clk 01:22:33]} {[%emt 00:05:01]} Bxd5
{[%clk 01:30:41]} {[%emt 00:01:11]} 10. Qa4 {[%clk 01:21:37]} {[%emt 00:01:26]}
O-O {[%clk 01:30:02]} {[%emt 00:01:08]} 11. Be3 {[%clk 01:20:42]} {[%emt
00:01:26]} f5 {[%clk 01:21:53]} {[%emt 00:08:38]} 12. Rfc1 {[%clk 01:14:39]}
{[%emt 00:06:34]} b6 {[%clk 01:15:50]} {[%emt 00:06:33]} 13. Qd1 {[%clk
00:55:39]} {[%emt 00:19:29]} f4 {[%clk 01:10:20]} {[%emt 00:06:01]} 14. Bd2
{[%clk 00:54:05]} {[%emt 00:02:04]} a5 {[%clk 00:57:43]} {[%emt 00:30:35]} 15.
Bc3 {[%clk 00:49:26]} fxg3 {[%clk 00:57:06]} 16. hxg3 {[%clk 00:48:23]} Nd4
{[%clk 00:56:50]} 17. e4 {[%clk 00:45:06]} Be6 {[%clk 00:52:54]} 18. Nxe5
{[%clk 00:42:31]} {[%emt 00:02:25]} g5 {[%clk 00:42:39]} {[%emt 00:10:45]} 19.
Bxd4 {[%clk 00:34:50]} {[%emt 00:08:11]} Qxd4 {[%clk 00:41:51]} {[%emt
00:01:17]} 20. Nf3 {[%clk 00:34:15]} {[%emt 00:01:06]} Qg7 {[%clk 00:35:42]}
{[%emt 00:06:39]} 21. Qe2 {[%clk 00:23:22]} {[%emt 00:11:23]} Bg4 {[%clk
00:29:47]} {[%emt 00:06:25]} 22. d4 {[%clk 00:19:14]} {[%emt 00:04:39]} cxd4
{[%clk 00:18:46]} {[%emt 00:11:30]} 23. Qc4+ {[%clk 00:17:41]} {[%emt
00:02:03]} Kh8 {[%clk 00:18:41]} {[%emt 00:00:34]} 24. Nh2 {[%clk 00:12:21]}
{[%emt 00:05:51]} Bd7 {[%clk 00:16:17]} {[%emt 00:02:54]} 25. e5 {[%clk
00:11:48]} {[%emt 00:01:03]} Rac8 {[%clk 00:16:22]} {[%emt 00:00:25]} 26. Qd3
{[%clk 00:09:48]} {[%emt 00:02:30]} Qxe5 {[%clk 00:15:06]} {[%emt 00:01:46]} 27.
Nf3 {[%clk 00:08:31]} {[%emt 00:01:47]} Qf6 {[%clk 00:12:04]} {[%emt 00:03:32]}
28. Qxd4 {[%clk 00:08:05]} {[%emt 00:00:56]} Qxd4 {[%clk 00:12:23]} {[%emt
00:00:11]} 29. Nxd4 {[%clk 00:08:32]} {[%emt 00:00:03]} Bc5 {[%clk 00:12:48]}
{[%emt 00:00:05]} 30. Nf3 {[%clk 00:06:08]} {[%emt 00:02:54]} g4 {[%clk
00:09:24]} {[%emt 00:03:54]} 31. Ne5 {[%clk 00:06:30]} {[%emt 00:00:08]} Bxf2+
{[%clk 00:09:07]} {[%emt 00:00:47]} 32. Kh2 {[%clk 00:06:56]} {[%emt 00:00:04]}
Be6 {[%clk 00:07:13]} {[%emt 00:02:25]} 33. Nd3 {[%clk 00:05:30]} {[%emt
00:01:55]} Bd4 {[%clk 00:06:17]} {[%emt 00:01:26]} 34. Nf4 {[%clk 00:04:42]}
{[%emt 00:01:19]} Bc4 {[%clk 00:04:37]} {[%emt 00:06:49]} 35. Rd1 {[%clk
00:03:28]} Rcd8 {[%clk 00:02:05]} {[%emt 00:00:07]} 36. Kh1 {[%clk 00:02:44]}
{[%emt 00:01:14]} Rd6 {[%clk 00:02:07]} {[%emt 00:00:27]} 37. Bf1 {[%clk
00:02:56]} {[%emt 00:00:19]} Rh6+ {[%clk 00:01:56]} {[%emt 00:08:26]} 38. Kg2
{[%clk 00:03:24]} Bd5+ {[%clk 00:01:59]} 39. Nxd5 {[%clk 00:03:16]} Rf2+ {[%clk
00:02:25]} 40. Kg1 {[%clk 00:03:40]} Rd2+ {[%clk 00:02:42]} 0-1

[Event "Tournoi International du Pays de Charleroi 2019 Groupe A"]
[Site ""]
[Date "2019.08.01"]
[Round "7.13"]
[White "Werner, Ivan"]
[Black "Van Droogenbroeck, Marc"]
[Result "1/2-1/2"]
[WhiteElo "2129"]
[BlackElo "2114"]

1. e4 {[%clk 01:26:06]} c5 {[%clk 01:30:55]} {[%emt 00:00:04]} 2. Nf3 {[%clk
01:26:35]} d6 {[%clk 01:31:11]} {[%emt 00:00:02]} 3. d4 {[%clk 01:26:45]}
{[%emt 00:00:03]} cxd4 {[%clk 01:31:30]} {[%emt 00:00:01]} 4. Nxd4 {[%clk
01:27:12]} Nf6 {[%clk 01:31:40]} {[%emt 00:00:03]} 5. Nc3 {[%clk 01:27:40]} g6
{[%clk 01:31:44]} {[%emt 00:00:03]} 6. Be2 {[%clk 01:26:47]} {[%emt 00:00:54]}
Bg7 {[%clk 01:31:20]} {[%emt 00:00:55]} 7. Be3 {[%clk 01:26:30]} {[%emt
00:00:47]} Nc6 {[%clk 01:30:51]} {[%emt 00:00:59]} 8. Nb3 {[%clk 01:15:04]}
{[%emt 00:11:56]} Na5 {[%clk 01:22:59]} {[%emt 00:08:22]} 9. e5 {[%clk
01:10:58]} {[%emt 00:04:35]} Nd7 {[%clk 01:14:19]} {[%emt 00:09:10]} 10. exd6
{[%clk 01:10:13]} {[%emt 00:01:15]} Nc6 {[%clk 01:13:34]} {[%emt 00:01:15]} 11.
O-O {[%clk 00:59:56]} {[%emt 00:10:46]} exd6 {[%clk 01:09:46]} {[%emt
00:04:19]} 12. Qxd6 {[%clk 01:00:18]} {[%emt 00:00:08]} Be5 {[%clk 01:10:12]}
{[%emt 00:00:05]} 13. Qd2 {[%clk 01:00:00]} {[%emt 00:00:47]} O-O {[%clk
01:09:35]} {[%emt 00:01:06]} 14. Rad1 {[%clk 00:59:44]} {[%emt 00:00:47]} Nf6
{[%clk 00:41:31]} {[%emt 00:35:25]} 15. Qxd8 {[%clk 00:56:24]} Nxd8 {[%clk
00:40:23]} 16. Bd4 {[%clk 00:49:43]} {[%emt 00:05:47]} Nc6 {[%clk 00:38:16]}
{[%emt 00:02:37]} 17. Bxe5 {[%clk 00:43:52]} {[%emt 00:06:21]} Nxe5 {[%clk
00:38:08]} {[%emt 00:00:38]} 18. h3 {[%clk 00:40:27]} {[%emt 00:03:56]} Be6
{[%clk 00:30:50]} {[%emt 00:07:48]} 19. Rd6 {[%clk 00:31:22]} {[%emt 00:09:35]}
Rac8 {[%clk 00:27:25]} {[%emt 00:03:55]} 20. Rfd1 {[%clk 00:20:27]} {[%emt
00:11:25]} Kg7 {[%clk 00:18:25]} {[%emt 00:09:29]} 21. Na5 {[%clk 00:14:42]}
{[%emt 00:06:16]} b6 {[%clk 00:15:40]} {[%emt 00:03:15]} 22. f4 {[%clk
00:12:45]} {[%emt 00:02:26]} Nc4 {[%clk 00:14:03]} {[%emt 00:02:08]} 23. Nxc4
{[%clk 00:12:50]} {[%emt 00:00:25]} Bxc4 {[%clk 00:14:31]} {[%emt 00:00:02]} 24.
Bf3 {[%clk 00:12:53]} {[%emt 00:00:27]} b5 {[%clk 00:10:27]} {[%emt 00:04:34]}
25. a3 {[%clk 00:11:23]} {[%emt 00:02:00]} Rc5 {[%clk 00:09:34]} {[%emt
00:01:23]} 26. Rc6 {[%clk 00:09:56]} {[%emt 00:01:57]} Rc8 {[%clk 00:09:19]}
{[%emt 00:00:44]} 27. Rxc5 {[%clk 00:09:01]} {[%emt 00:01:25]} Rxc5 {[%clk
00:09:47]} {[%emt 00:00:02]} 28. Rd6 {[%clk 00:08:45]} {[%emt 00:00:46]} a5
{[%clk 00:08:20]} {[%emt 00:01:58]} 29. Rc6 {[%clk 00:08:26]} {[%emt 00:00:48]}
Rxc6 {[%clk 00:07:24]} {[%emt 00:01:27]} 30. Bxc6 {[%clk 00:08:55]} {[%emt
00:00:02]} b4 {[%clk 00:07:53]} 31. axb4 {[%clk 00:08:31]} {[%emt 00:00:53]}
axb4 {[%clk 00:08:21]} {[%emt 00:00:02]} 32. Ne4 {[%clk 00:05:49]} {[%emt
00:03:12]} Bd5 {[%clk 00:04:51]} {[%emt 00:04:01]} 33. Nxf6 {[%clk 00:04:48]}
{[%emt 00:01:30]} Bxc6 {[%clk 00:05:18]} {[%emt 00:00:03]} 34. Ng4 {[%clk
00:05:05]} {[%emt 00:00:13]} f6 {[%clk 00:02:52]} {[%emt 00:06:17]} 35. Kf2
{[%clk 00:03:03]} Kf7 {[%clk 00:01:58]} {[%emt 00:00:35]} 36. g3 {[%clk
00:03:05]} {[%emt 00:00:28]} h5 {[%clk 00:02:11]} {[%emt 00:00:17]} 37. Ne3
{[%clk 00:03:31]} {[%emt 00:00:04]} g5 {[%clk 00:02:11]} {[%emt 00:00:31]} 38.
Ke2 {[%clk 00:02:50]} {[%emt 00:08:34]} h4 {[%clk 00:01:29]} 39. fxg5 hxg3
{[%clk 00:00:42]} {[%emt 00:00:06]} 40. gxf6 {[%clk 00:01:29]} {[%emt
00:00:01]} Kxf6 {[%clk 00:01:03]} 41. Kf1 {[%clk 00:18:22]} {[%emt 00:16:32]}
Kg5 {[%clk 00:29:34]} {[%emt 00:00:04]} 42. Ng2 {[%emt 00:11:20]} Be4 {[%emt
00:00:02]} 43. Ne1 {[%emt 00:00:03]} Kh4 {[%emt 00:00:06]} 44. Nd3 {[%emt
00:00:01]} 1/2-1/2

[Event "Tournoi International du Pays de Charleroi 2019 Groupe A"]
[Site ""]
[Date "2019.08.01"]
[Round "7.14"]
[White "Boucquet, Emile"]
[Black "Sclacmender, Julien"]
[Result "1/2-1/2"]
[WhiteElo "2064"]
[BlackElo "2269"]

1. e4 {[%clk 01:21:28]} {[%emt 00:02:49]} c5 {[%clk 01:30:57]} {[%emt
00:00:05]} 2. d4 {[%clk 01:16:01]} {[%emt 00:05:56]} cxd4 {[%clk 01:30:53]}
{[%emt 00:00:34]} 3. c3 {[%clk 01:16:21]} {[%emt 00:00:10]} Nf6 {[%clk
01:31:20]} {[%emt 00:00:03]} 4. e5 {[%clk 01:16:48]} {[%emt 00:00:04]} Nd5
{[%clk 01:31:47]} {[%emt 00:00:02]} 5. cxd4 {[%clk 01:17:10]} {[%emt 00:00:08]}
d6 {[%clk 01:32:13]} {[%emt 00:00:04]} 6. Nf3 {[%clk 01:17:30]} {[%emt
00:00:11]} Nc6 {[%clk 01:32:39]} {[%emt 00:00:03]} 7. Bc4 {[%clk 01:17:08]}
{[%emt 00:00:52]} Nb6 {[%clk 01:33:05]} {[%emt 00:00:04]} 8. Bb3 {[%clk
01:17:34]} {[%emt 00:00:04]} dxe5 {[%clk 01:33:29]} {[%emt 00:00:05]} 9. d5
{[%clk 01:17:43]} {[%emt 00:00:20]} Na5 {[%clk 01:33:57]} {[%emt 00:00:04]} 10.
Nc3 {[%clk 01:18:07]} {[%emt 00:00:06]} Bg4 {[%clk 01:34:14]} {[%emt 00:00:12]}
11. Ba4+ {[%clk 01:15:41]} {[%emt 00:02:57]} Nxa4 {[%clk 01:22:10]} {[%emt
00:12:35]} 12. Qxa4+ {[%clk 01:15:50]} {[%emt 00:00:20]} Bd7 {[%clk 01:22:36]}
{[%emt 00:00:05]} 13. Qe4 {[%clk 01:14:48]} {[%emt 00:01:30]} f6 {[%clk
01:19:37]} {[%emt 00:03:30]} 14. O-O {[%clk 01:05:38]} {[%emt 00:09:38]} b6
{[%clk 01:10:41]} {[%emt 00:09:29]} 15. Nd2 {[%clk 00:55:15]} {[%emt 00:10:52]}
g6 {[%clk 00:46:27]} {[%emt 00:31:00]} 16. f4 {[%clk 00:49:03]} {[%emt
00:00:24]} exf4 {[%clk 00:37:42]} {[%emt 00:09:16]} 17. Nf3 {[%clk 00:43:24]}
{[%emt 00:06:09]} Bg7 {[%clk 00:33:37]} {[%emt 00:04:36]} 18. Re1 {[%clk
00:38:45]} {[%emt 00:05:08]} O-O {[%clk 00:22:43]} {[%emt 00:11:25]} 19. Bxf4
{[%clk 00:37:27]} {[%emt 00:01:48]} Re8 {[%clk 00:22:47]} {[%emt 00:00:27]} 20.
Nd4 {[%clk 00:34:37]} {[%emt 00:03:18]} Rc8 {[%clk 00:17:17]} {[%emt 00:06:01]}
21. Rad1 {[%clk 00:33:04]} {[%emt 00:02:03]} Rc4 {[%clk 00:13:03]} {[%emt
00:04:44]} 22. Qe2 {[%clk 00:29:26]} {[%emt 00:04:07]} Qc8 {[%clk 00:12:03]}
{[%emt 00:01:31]} 23. h3 {[%clk 00:28:04]} {[%emt 00:01:52]} Nb7 {[%clk
00:08:57]} {[%emt 00:03:36]} 24. Bg3 {[%clk 00:26:10]} {[%emt 00:02:22]} b5
{[%clk 00:05:08]} {[%emt 00:04:21]} 25. Kh2 {[%clk 00:21:58]} {[%emt 00:04:42]}
a6 {[%clk 00:05:07]} {[%emt 00:00:32]} 26. a3 {[%clk 00:16:27]} {[%emt
00:06:00]} Nd8 {[%clk 00:04:53]} {[%emt 00:00:44]} 27. Nb3 {[%clk 00:14:34]}
{[%emt 00:02:23]} Qa8 {[%clk 00:01:59]} {[%emt 00:03:24]} 28. Ne4 {[%clk
00:12:32]} {[%emt 00:02:32]} Nf7 {[%clk 00:01:54]} {[%emt 00:00:35]} 29. Nbc5
{[%clk 00:12:25]} {[%emt 00:00:36]} Qc8 {[%clk 00:01:04]} {[%emt 00:01:21]} 30.
Nxd7 {[%clk 00:10:23]} {[%emt 00:02:31]} Qxd7 {[%clk 00:01:33]} {[%emt
00:00:02]} 31. b4 {[%clk 00:10:46]} {[%emt 00:00:06]} Qf5 {[%clk 00:00:43]}
{[%emt 00:01:21]} 32. Nc5 {[%emt 00:09:45]} Rc2 {[%clk 00:00:39]} 33. Qd3
{[%clk 00:06:51]} Qxd3 {[%clk 00:00:34]} 34. Rxd3 {[%clk 00:07:18]} Ne5 {[%clk
00:00:58]} 35. Bxe5 {[%clk 00:06:31]} fxe5 {[%clk 00:01:27]} 36. Rf3 {[%clk
00:05:28]} Rd8 {[%clk 00:01:03]} {[%emt 00:00:14]} 37. Rd1 {[%clk 00:05:18]}
{[%emt 00:00:41]} Ra8 {[%clk 00:00:38]} {[%emt 00:00:55]} 38. Rdf1 {[%clk
00:04:06]} {[%emt 00:08:44]} Rc4 {[%clk 00:00:36]} 39. Rf7 {[%clk 00:03:45]}
Bf6 {[%clk 00:00:36]} 40. R1xf6 {[%clk 00:03:21]} exf6 {[%clk 00:01:03]} 41.
Rd7 {[%clk 00:17:45]} {[%emt 00:16:40]} a5 {[%clk 00:12:53]} {[%emt 00:13:53]}
42. d6 {[%clk 00:15:55]} {[%emt 00:02:20]} axb4 {[%clk 00:13:15]} {[%emt
00:00:08]} 43. axb4 {[%clk 00:16:21]} {[%emt 00:00:04]} Rd4 {[%clk 00:05:09]}
{[%emt 00:08:37]} 44. Ne6 {[%clk 00:15:58]} {[%emt 00:00:52]} Rd2 {[%clk
00:02:59]} {[%emt 00:02:40]} 45. Rg7+ {[%clk 00:15:41]} {[%emt 00:00:47]} Kh8
{[%clk 00:03:28]} {[%emt 00:00:01]} 46. d7 {[%clk 00:15:57]} {[%emt 00:00:14]}
Ra6 {[%clk 00:02:32]} {[%emt 00:01:26]} 47. Re7 {[%clk 00:14:30]} {[%emt
00:01:57]} Rxe6 {[%clk 00:02:52]} {[%emt 00:00:10]} 48. Rxe6 {[%clk 00:14:49]}
{[%emt 00:00:11]} Rxd7 {[%clk 00:03:05]} {[%emt 00:00:18]} 49. Rxf6 {[%clk
00:15:11]} {[%emt 00:00:07]} Rd4 {[%clk 00:01:53]} {[%emt 00:01:42]} 50. Re6
{[%clk 00:13:27]} {[%emt 00:02:15]} e4 {[%clk 00:02:16]} {[%emt 00:00:07]} 51.
Kg3 {[%clk 00:13:12]} {[%emt 00:00:44]} Rxb4 {[%clk 00:02:39]} {[%emt
00:00:07]} 52. Kf4 {[%clk 00:13:17]} {[%emt 00:00:24]} Kg7 {[%clk 00:02:32]}
{[%emt 00:00:38]} 53. Re7+ {[%clk 00:13:34]} {[%emt 00:00:13]} Kg8 {[%clk
00:01:30]} {[%emt 00:01:32]} 54. h4 {[%clk 00:11:59]} {[%emt 00:02:05]} Rc4
{[%clk 00:01:31]} {[%emt 00:00:29]} 55. Rb7 {[%clk 00:11:08]} {[%emt 00:01:20]}
b4 {[%clk 00:01:28]} {[%emt 00:00:34]} 56. g3 {[%clk 00:10:27]} {[%emt
00:01:11]} h6 {[%clk 00:00:41]} {[%emt 00:01:18]} 57. Ke3 {[%clk 00:08:29]}
{[%emt 00:02:26]} Rc3+ {[%clk 00:00:54]} {[%emt 00:00:18]} 58. Kxe4 {[%clk
00:08:22]} {[%emt 00:00:36]} Rxg3 {[%clk 00:01:14]} {[%emt 00:00:11]} 59. Kf4
{[%clk 00:07:52]} {[%emt 00:01:01]} Rb3 {[%clk 00:00:47]} {[%emt 00:00:56]} 60.
Ke5 {[%clk 00:07:22]} {[%emt 00:00:59]} Rb1 {[%clk 00:00:34]} {[%emt 00:00:44]}
61. Kf6 {[%clk 00:07:24]} {[%emt 00:00:28]} Rg1 {[%clk 00:00:32]} {[%emt
00:00:32]} 62. Rb8+ {[%clk 00:07:35]} {[%emt 00:00:19]} Kh7 {[%emt 00:00:08]}
63. Rb7+ {[%clk 00:08:00]} Kg8 {[%clk 00:01:25]} {[%emt 00:00:04]} 64. Rb8+
{[%clk 00:08:26]} {[%emt 00:00:03]} Kh7 {[%clk 00:01:52]} {[%emt 00:00:04]} 65.
Rb7+ {[%clk 00:00:00]} {[%emt 00:00:03]} 1/2-1/2